Tropical Sustainable Architecture Social and Environmental Dimensions (Record no. 3275)
[ view plain ]
| 000 -LEADER | |
|---|---|
| fixed length control field | 00312nam a2200109Ia 4500 |
| 008 - FIXED-LENGTH DATA ELEMENTS--GENERAL INFORMATION | |
| fixed length control field | 200302s9999 xx 000 0 und d |
| 100 ## - MAIN ENTRY--PERSONAL NAME | |
| Personal name | Joo-Haw Bay and Boon Lay Ong |
| 245 ## - TITLE STATEMENT | |
| Title | Tropical Sustainable Architecture Social and Environmental Dimensions |
| 260 ## - PUBLICATION, DISTRIBUTION, ETC. | |
| Name of publisher, distributor, etc. | Elsevier Ltd. |
| 260 ## - PUBLICATION, DISTRIBUTION, ETC. | |
| Date of publication, distribution, etc. | 2006 |
| 300 ## - PHYSICAL DESCRIPTION | |
| Extent | 292 P., |
| Withdrawn status | Lost status | Damaged status | Not for loan | Permanent Location | Current Location | Date acquired | Cost, normal purchase price | Total Checkouts | Full call number | Barcode | Date last seen | Date last checked out | Price effective from | Koha item type |
|---|---|---|---|---|---|---|---|---|---|---|---|---|---|---|
| BMS College of Architecture, Design and Planning | BMS College of Architecture, Design and Planning | 2020-03-03 | 4217.85 | 1 | 720.913 | CL-UG63375 | 2022-07-18 | 2022-07-08 | 2020-03-03 | UG Books from CL |